Practical Pharmaceutical Chemistry (Record no. 5896)
[ view plain ]
| 000 -LEADER | |
|---|---|
| fixed length control field | 00606nam a22002177a 4500 |
| 003 - CONTROL NUMBER IDENTIFIER | |
| control field | OSt |
| 005 - DATE AND TIME OF LATEST TRANSACTION | |
| control field | 20190905160432.0 |
| 008 - FIXED-LENGTH DATA ELEMENTS--GENERAL INFORMATION | |
| fixed length control field | 171129b xxu||||| |||| 00| 0 eng d |
| 020 ## - INTERNATIONAL STANDARD BOOK NUMBER | |
| International Standard Book Number | 0485113228 |
| 020 ## - INTERNATIONAL STANDARD BOOK NUMBER | |
| International Standard Book Number | 8123905130 |
| 040 ## - CATALOGING SOURCE | |
| Transcribing agency | DNLM |
| 050 ## - LIBRARY OF CONGRESS CALL NUMBER | |
| Classification number | QV744 P881b 1997 |
| 100 ## - MAIN ENTRY--PERSONAL NAME | |
| Personal name | Edited by Beckett, A.H.; Stenlake, J.B. |
| 9 (RLIN) | 12271 |
| 245 ## - TITLE STATEMENT | |
| Title | Practical Pharmaceutical Chemistry |
| 250 ## - EDITION STATEMENT | |
| Edition statement | 4th ed. Part I |
| 260 ## - PUBLICATION, DISTRIBUTION, ETC. (IMPRINT) | |
| Place of publication, distribution, etc. | New Delhi; CBS Publishers, 1997 |
| 300 ## - PHYSICAL DESCRIPTION | |
| Extent | viii,326p; ill: 22cm |
| 504 ## - BIBLIOGRAPHY, ETC. NOTE | |
| Bibliography, etc | References, & index included |
| 650 ## - SUBJECT ADDED ENTRY--TOPICAL TERM | |
| Topical term or geographic name as entry element | Pharmaceutical Chemistry |
| 9 (RLIN) | 283 |
| 942 ## - ADDED ENTRY ELEMENTS (KOHA) | |
| Source of classification or shelving scheme | Other/Generic Classification Scheme |
| Koha item type | Book Bank |
| Withdrawn status | Lost status | Source of classification or shelving scheme | Damaged status | Not for loan | Home library | Current library | Date acquired | Source of acquisition | Inventory number | Total Checkouts | Full call number | Barcode | Date last seen | Koha item type |
|---|---|---|---|---|---|---|---|---|---|---|---|---|---|---|
| Other/Generic Classification Scheme | MUST Main Library | MUST Main Library | 05/09/2019 | Purchase | 19/40980 | QV744 P881b 1997 | 2019-0404 | 05/09/2019 | Open Shelf | |||||
| Other/Generic Classification Scheme | MUST Main Library | MUST Main Library | 05/09/2019 | Purchase | 19/40981 | QV744 P881b 1997 | 2019-0405 | 05/09/2019 | Open Shelf | |||||
| Other/Generic Classification Scheme | MUST Main Library | MUST Main Library | 05/09/2019 | Purchase | 19/40982 | QV744 P881b 1997 | 2019-0406 | 05/09/2019 | Open Shelf | |||||
| Other/Generic Classification Scheme | Pharmacy Department Library | Pharmacy Department Library | 29/11/2017 | Purchase | 17/40307 | QV744 P881b 1997 | 2017-0938 | 29/11/2017 | Short Loan | |||||
| Other/Generic Classification Scheme | Pharmacy Department Library | Pharmacy Department Library | 29/11/2017 | Purchase | 17/40308 | QV744 P881b 1997 | 2017-0939 | 29/11/2017 | Short Loan |
